fun with chinese character /

Bibliographic Details
Main Author: guizheng lh luo
Format: Book
Published: chong qing: xinan shufan doxue press, 1995.
Subjects:
LEADER 00488cam a2200181 7i4500
001 0000024109
005 20151104090000.0
005 ##20151104130100.0
003 ##MY-KlINT
020 # # |a 7562113394  
039 # 9 |y 201511041301  |z VLOAD 
090 0 0 |a E 495.1   |b GUI 
100 1 # |a guizheng lh luo 
245 1 0 |a fun with chinese character /   |c luo gui zheng ,zhans qian. 
260 # # |a chong qing:   |b xinan shufan doxue press,   |c 1995. 
300 # # |a 246 p:   |b ill;   |c 19cm. 
500 # # |a chinese text 
650 # 0 |a chinese